000 01452nam0a2200337 4500
001 RU\NLR\bibl\1250613
005 20250615123907.0
010 _a978-5-8459-0489-8
_93000
021 _aRU
_b2008-38207
_92106
035 _a(NLR Aleph) 001236702
090 _a232763
_c232763
100 _a20080709d2008 |||y0rusy50 ca
101 1 _arus
_ceng
102 _aRU
105 _aa |||||||||
200 1 _aПолный справочник по С++
_fГерберт Шилдт
_g[пер. с англ. и ред. к.ф.-м.н. Д.А. Клюшина]
205 _a4-е изд.
_b[обновл. и доп. классич. справ.]
210 _aМосква [и др.]
_cВильямс
_d2008
215 _a796 с.
_cил.
_d24
300 _aЗагл. и авт. ориг.: С++: the complete reference / Herbert Schildt
313 _aПо предыдущему изданию
320 _aПредм. указ.: с. 787-796
454 0 _12001#$aC++: the complete reference$fHerbert Schildt
_1700#1$aSchildt$bH.$gHerbert$4070
_tC++: the complete reference
_aSchildt, Herbert
606 1 _aC++, язык программирования
_jСправочники
_92072018
_3RU\NLR\auth\661246828
686 _aЗ973.23-018.1я22
700 1 _aШилдт
_bГ.
_gГерберт
_4070
801 0 _aRU
_bNLR
_c20080709
_gRCR
801 1 _aRU
_bNLR
_c20080709
942 _cBOOK
980 _aNB